00769nam a2200217Ii 450000100060000000300090000600800410001504000330005604100080008908200150009710000440011224500270015626400690018330000120025233600260026433700280029033800270031894000520034599900170039795201370041412870CO-ViMGA241108s9999||||xx |||||||||||||| ||und|| aCO-ViMGAbspaerdacCO-ViMGA0 aunk04a778.5 G2161 aJosé María García Escudero95558510aVamos a hablar de cine 1a[Lugar de publicación no identificado] : Salvat Editores, 1970 avolumen atextbtxt2rdacontent aunmediatedbn2rdamedia avolumebnc2rdacarrier aidficha_siabuc: 12578. -- ficha_no_siabuc:12870 c53190d53190 001040708001aMEVIGERRbMEVIGERRcGENd2006-11-27o778.5 G216pECA14276r2024-11-26 10:09:50tEj.1w2024-11-26yBKz12578 | 16821